Superpack breve historia : (Registro nro. 266409)

Detalles MARC
000 -LEADER
fixed length control field 02441nam a2200577Ii 4500
001 - CONTROL NUMBER
control field DIGNOWT0120
003 - CONTROL NUMBER IDENTIFIER
control field NyNyDIG
006 - FIXED-LENGTH DATA ELEMENTS--ADDITIONAL MATERIAL CHARACTERISTICS
fixed length control field m o d
007 - PHYSICAL DESCRIPTION FIXED FIELD--GENERAL INFORMATION
fixed length control field cr |||||||||||
008 - FIXED-LENGTH DATA ELEMENTS--GENERAL INFORMATION
fixed length control field 220520s2010 sp ab ob 000 0 spa d
035 ## - SYSTEM CONTROL NUMBER
System control number (OCoLC)1335133043
040 ## - CATALOGING SOURCE
Original cataloging agency DGITA
Language of cataloging eng
Description conventions rda
-- pn
Transcribing agency DGITA
020 ## - INTERNATIONAL STANDARD BOOK NUMBER
International Standard Book Number 9788499673400
Qualifying information eBook
-- ePub
043 ## - GEOGRAPHIC AREA CODE
Geographic area code s------
050 14 - LIBRARY OF CONGRESS CALL NUMBER
Classification number F2231 ebook
082 04 - DEWEY DECIMAL CLASSIFICATION NUMBER
Classification number 980
245 00 - TITLE STATEMENT
Title Superpack breve historia :
Remainder of title "Imperios precolombinos" /
Statement of responsibility, etc. Varios Autores.
246 30 - VARYING FORM OF TITLE
Title proper/short title Imperios precolombinos
264 #1 - PRODUCTION, PUBLICATION, DISTRIBUTION, MANUFACTURE, AND COPYRIGHT NOTICE
Place of production, publication, distribution, manufacture Madrid :
Name of producer, publisher, distributor, manufacturer Nowtilus,
Date of production, publication, distribution, manufacture, or copyright notice [2010]
300 ## - PHYSICAL DESCRIPTION
Extent 1 online resource :
Other physical details illustrations, maps.
336 ## - CONTENT TYPE
Content type term text
Content type code txt
Source rdacontent
336 ## - CONTENT TYPE
Content type term still image
Source rdacontent
337 ## - MEDIA TYPE
Media type term computer
Media type code c
Source rdamedia
338 ## - CARRIER TYPE
Carrier type term online resource
Carrier type code cr
Source rdacarrier
347 ## - DIGITAL FILE CHARACTERISTICS
File type text file
Source rdaft
347 ## - DIGITAL FILE CHARACTERISTICS
Encoding format EPUB
490 1# - SERIES STATEMENT
Series statement Colección Breve historia
504 ## - BIBLIOGRAPHY, ETC. NOTE
Bibliography, etc. note Includes bibliographical references.
505 0# - FORMATTED CONTENTS NOTE
Formatted contents note Breve historia de los Incas / Patricia Temoche Cortez -- Breve historia de Francisco Pizarro / Roberto Barletta Villarán -- Breve historia de los Aztecas / Marco Antonio Cervera Obregon -- Breve historia de los Mayas / Carlos Pallán Gayol.
588 0# - SOURCE OF DESCRIPTION NOTE
Source of description note Online resource; title from ePub title page (Digitalia, viewed May 20, 2022)
600 10 - SUBJECT ADDED ENTRY--PERSONAL NAME
Personal name Pizarro, Francisco,
Dates associated with a name approximately 1475-1541.
650 #0 - SUBJECT ADDED ENTRY--TOPICAL TERM
Topical term or geographic name entry element Incas
General subdivision History.
650 #0 - SUBJECT ADDED ENTRY--TOPICAL TERM
Topical term or geographic name entry element Aztecs
General subdivision History.
650 #0 - SUBJECT ADDED ENTRY--TOPICAL TERM
Topical term or geographic name entry element Mayas
General subdivision History.
651 #0 - SUBJECT ADDED ENTRY--GEOGRAPHIC NAME
Geographic name South America
General subdivision History.
655 #0 - INDEX TERM--GENRE/FORM
Genre/form data or focus term Electronic books.
700 12 - ADDED ENTRY--PERSONAL NAME
Relationship information Container of (work):
Personal name Temoche Cortez, Patricia,
Dates associated with a name 1971-
Title of a work aBreve historia de los incas.
700 12 - ADDED ENTRY--PERSONAL NAME
Relationship information Container of (work):
Personal name Barletta Villarán, Roberto,
Title of a work Breve historia de Francisco Pizarro.
700 12 - ADDED ENTRY--PERSONAL NAME
Relationship information Container of (work):
Personal name Cervera Obregón, Marco Antonio,
Dates associated with a name 1974-
Title of a work Breve historia de los Aztecas.
700 12 - ADDED ENTRY--PERSONAL NAME
Relationship information Container of (work):
Personal name Pallán Gayol, Carlos,
Title of a work Breve historia de los Mayas.
740 02 - ADDED ENTRY--UNCONTROLLED RELATED/ANALYTICAL TITLE
Uncontrolled related/analytical title Breve historia de los Incas.
740 02 - ADDED ENTRY--UNCONTROLLED RELATED/ANALYTICAL TITLE
Uncontrolled related/analytical title Breve historia de Francisco Pizarro.
740 02 - ADDED ENTRY--UNCONTROLLED RELATED/ANALYTICAL TITLE
Uncontrolled related/analytical title Breve historia de los Aztecas.
740 02 - ADDED ENTRY--UNCONTROLLED RELATED/ANALYTICAL TITLE
Uncontrolled related/analytical title Breve historia de los Mayas.
791 2# -
-- Digitalia (Firm),
-- distributor.
793 0# -
-- Digitalia eBook Collection:
-- Ediciones Nowtilus
830 #0 - SERIES ADDED ENTRY--UNIFORM TITLE
Uniform title Breve historia (Ediciones Nowtilus S.L.)
856 40 - ELECTRONIC LOCATION AND ACCESS
Materials specified Digitalia Hispánica
Uniform Resource Identifier <a href="https://www.digitaliapublishing.com/a/84583/">https://www.digitaliapublishing.com/a/84583/</a>
910 ## - USER-OPTION DATA (OCLC)
User-option data Premium collection: 2022
942 ## - ADDED ENTRY ELEMENTS (KOHA)
Koha item type Recurso Electrónico
Existencias
Withdrawn status Lost status Damaged status Not for loan Collection Home library Current library Date acquired Total checkouts Date last seen Price effective from Koha item type
        Digitalia Ebooks Hispanica Biblioteca Digital UIN Biblioteca Digital UIN 04/25/2025   04/25/2025 04/25/2025 Recurso Electrónico

CONTACTO


NOSOTROS


SITIOS DE INTERES

coordinacion.biblioteca.biblioteca@unienlinea.mx Misión, Visión y Objetivos Bases de datos
Directorio Bibliotecas Digitales y Repositorios
Normatividad Revistas y artículos
Convenios interbibliotecarios
Boletines



Hecho en México. Universidad Insurgentes (UIN). Todos los derechos reservados 2024. Esta página y sus contenidos pueden ser reproducidos con fines no lucrativos, siempre y cuando no se mutile, se cite la fuente completa y su dirección electrónicas. De otra forma requiere permiso previo por escrito de la institución




2024 Copyright Universidad Insurgentes | www.bibliouin.com.mx